MDQL
is popping MORE tags! Check the
thread
!
Quizzes
Events
Quiz Creation
Community
Videos
Private Events
Remove Ads
Sign In
Join for FREE
Feedback
Dark Mode
Quiz Categories
Sports
Geography
Music
Movies
Television
Just For Fun
Miscellaneous
History
Literature
Language
Science
Gaming
Entertainment
Religion
Holiday
For Kids
Quiz Lab
Recent
Popular Today
Quiz Kudos Today
Editor Picks
Curator Picks
Quizzes by...
Day
Popularity
Type
Ratings
Length
Year
Community
Subscriptions
Recent Discussions
Orange Saloon
Badges
Playlists
Quests
Create
Leaderboards
Showdown
Live 5
Trivia Bingo
Activity
Puzzle Library
Sporcle Events
Private Events
Virtual Trivia
Globe League
Become a Host
Pub Owners
SporcleCon
Opinionation
Our Games
Videos
Blog
Mobile Apps
Partnerships
Remove Ads and Go Orange
Feedback
Music
Pop Music
The Beatles
Song
Album
Lyrics
Bands
Singers
Artist
Clip
Rock
Rap
Classical
Billboard
Country Music
Kpop
Taylor Swift
Music
Pop Music
The Beatles
Song
Album
Lyrics
Bands
Singers
Artist
Clip
Rock
Rap
Classical
Billboard
Country Music
Kpop
Taylor Swift
Random Quiz
Search Sporcle
×
Quiz Lab
Quiz Lab
Music
Merry
Type in answers that appear in a list
Type in answers that appear in a list
Classic
Best Score? Go Orange.
God Rest Ye Merry Gentlemen Lyrics Stats
Can you name the God Rest Ye Merry Gentlemen Lyrics?
By
Sokamima
8m
291 Questions
215 Plays
215 Plays
215 Plays
Comments
Comments
Give Quiz Kudos
Give Quiz Kudos
-
- Ratings
hide this ad
Replay
Link that replays current quiz
Next Quiz
Link to next quiz in quiz playlist
You Got
0%
They Got
Avg Score
67%
Avg Friend Score
Upgrade to see
Score Distribution
Jump to the score distribution portion of the page
Score
0/291
Timer
08:00
0
Plays Today
% Correct
God
98.1%
rest
98.1%
and
98.1%
and
98.1%
God
98.1%
God
98.1%
God
98.1%
merry
97.7%
and
97.7%
And
97.7%
a
97.7%
the
97.7%
A
97.7%
and
97.7%
the
97.7%
the
97.7%
and
97.7%
and
97.7%
and
97.7%
the
97.7%
a
97.7%
a
97.7%
and
97.7%
and
97.7%
and
97.7%
and
97.7%
The
97.7%
and
97.7%
and
97.7%
And
97.7%
the
97.7%
and
97.7%
and
97.7%
and
97.7%
And
97.7%
a
97.7%
the
97.7%
and
97.7%
and
97.7%
and
97.7%
the
97.7%
and
97.7%
and
97.7%
ye
97.2%
gentlemen
97.2%
O
94%
O
94%
O
94%
you
93.5%
Christ
93.5%
O
93.5%
you
93.5%
O
93.5%
O
93.5%
O
93.5%
O
93.5%
O
93.5%
you
93.5%
O tidings of comfort and joy, comfort and joy, O tidings of comfort and joy
93.5%
born
93%
born
93%
born
93%
born
92.6%
day
92.1%
day
92.1%
on
91.6%
on
91.6%
was
91.2%
of
91.2%
of
91.2%
was
91.2%
of
91.2%
was
91.2%
of
91.2%
of
91.2%
of
91.2%
of
91.2%
of
91.2%
of
91.2%
of
91.2%
of
91.2%
of
91.2%
of
91.2%
of
91.2%
of
91.2%
let
90.7%
let
90.7%
To
90.2%
joy
90.2%
joy
90.2%
joy
90.2%
joy
90.2%
joy
90.2%
joy
90.2%
to
90.2%
joy
90.2%
joy
90.2%
% Correct
joy
90.2%
to
90.2%
to
90.2%
joy
90.2%
joy
90.2%
joy
90.2%
joy
90.2%
joy
90.2%
joy
90.2%
our
89.8%
tidings
89.8%
tidings
89.8%
our
89.8%
tidings
89.8%
tidings
89.8%
tidings
89.8%
tidings
89.8%
tidings
89.8%
tidings
89.8%
tidings
89.8%
tidings
89.8%
to
89.8%
our
89.8%
tidings
89.8%
tidings
89.8%
to
89.8%
nothing
89.3%
comfort
89.3%
comfort
89.3%
comfort
89.3%
nothing
89.3%
comfort
89.3%
comfort
89.3%
comfort
89.3%
nothing
89.3%
comfort
89.3%
comfort
89.3%
comfort
89.3%
comfort
89.3%
comfort
89.3%
comfort
89.3%
comfort
89.3%
comfort
89.3%
comfort
89.3%
dismay
88.8%
Christmas
88.8%
Christmas
88.8%
from
87.4%
From
87.4%
From
87.4%
all
87%
all
87%
All
87%
all
86.5%
us
86%
save
85.6%
O
85.6%
we
83.7%
not
82.8%
When
82.3%
when
82.3%
Satan's
79.5%
astray
79.5%
Satan's
79.5%
power
78.6%
power
78.6%
gone
77.7%
Remember
73.5%
saviour
73%
were
73%
saviour
73%
saviour
73%
In
70.7%
in
70.7%
in
70.7%
in
70.7%
in
70.7%
in
70.7%
in
70.7%
in
70.7%
this
66.5%
this
66.5%
this
66.5%
this
66.5%
This
66.5%
Bethlehem
63.3%
Bethlehem
63.3%
Bethlehem
63.3%
Bethlehem
63.3%
angel
60.9%
angel
60.9%
blessed
55.8%
blessed
55.8%
blessed
55.8%
is
55.3%
Mary
52.1%
son
52.1%
% Correct
son
52.1%
Mary
52.1%
manger
50.2%
manger
50.2%
came
49.3%
came
49.3%
Father
48.8%
heavenly
47.4%
babe
45.6%
Mother
42.8%
that
42.8%
Mother
42.8%
same
42.3%
upon
41.4%
shepherds
40.9%
shepherds
40.9%
with
40.5%
His
39.1%
by
39.1%
His
39.1%
Him
38.1%
him
38.1%
name
37.7%
Israel
37.2%
morn
36.3%
Lord
35.8%
Lord
35.8%
unto
34.4%
who
34.4%
Unto
34.4%
brought
34%
certain
33%
they
33%
they
33%
laid
32.6%
said
32.6%
did
32.1%
did
32.1%
within
31.6%
within
31.6%
Fear
30.2%
where
30.2%
where
30.2%
virgin
28.8%
Now
28.8%
now
28.8%
How
28.4%
sing
28.4%
those
27.9%
those
27.9%
lay
27.9%
love
27.9%
holy
27%
scorn
24.2%
place
24.2%
take
23.7%
praises
23.7%
might
23.3%
which
22.8%
trust
20.9%
true
19.1%
other
19.1%
other
19.1%
at
18.6%
went
18.6%
brotherhood
18.6%
each
18.6%
embrace
18.1%
bright
17.7%
found
17.7%
pure
16.7%
their
16.3%
hay
16.3%
tide
16.3%
doth
16.3%
pray
15.3%
deface
15.3%
free
14.9%
down
14.4%
oxen
14%
feed
14%
affright
12.6%
find
12.6%
them
11.6%
left
11.6%
kneeling
10.7%
mind
10.2%
wind
9.8%
away
9.8%
dear
9.8%
flocks
9.3%
storm
9.3%
much
8.8%
tempest
8.8%
straight
8.8%
Rejoiced
7.9%
a-feeding
7.9%
Quiz Playlist
Details
Report
Send in Message
Add To Playlist
Classic:
Type in answers that appear in a list
Last Updated: Feb 16, 2017
Quiz Scoreboard
CHALLENGE
Sign Up to Join the Scoreboard
Show All
Scores
Hide
Comments
May contain spoilers
Recently Published
Two Season TV Shows II
by 123Four
Television
10m
Image Sorting: Flags VI
by Barbecue
Geography
2m
Find the 'City' Movie
by crazypaving
Movies
60s
More to Explore
Quiz From the Vault
Featured Blog Post
14 Easter Pick-up Lines to Find Eggs With
hide this ad
You Might Also Like...
Tags
gentlemen
god
Merry
rest
Today's Top Quizzes in Music
Browse Music
hide this ad
Today's Top Quizzes in Merry
Browse Merry
Top Contributed Quizzes in Music
1
5X2 Blitz: Bands II
2
5X2 Blitz: The Beatles
3
Taylor Swift All Songs (2024)
4
5X2 Blitz: Billboard
5
5X2 Blitz: Billboard II
6
5X2 Blitz: Album
7
5X2 Blitz: Singers
8
5X2 Blitz: Rock
9
Music Artist by Three 2010s hits
10
5X2 Blitz: Lyrics
Explore More
Trending Topics
Crossword
Kpop
Harry Potter
Marvel
Anime
NBA
Disney
Puzzle
Soccer
WWE
Pokémon
The Office
NFL
Country
Song
hide this ad
More By:
Sokamima
Quiz
Plays
Rating
Category
Featured
Created
Kodaline - All I Want Lyrics
2,307
4.83
Music
Aug 14, 2013
Imagine Dragons - On Top of the World Lyrics
1,639
4.14
Music
Dec 17, 2012
BBC Merlin Characters
1,027
Television
May 7, 2013
Owl City - Vanilla Twilight Lyrics
829
4.25
Music
May 8, 2013
Of Monsters and Men - King and Lionheart Lyrics
656
4.33
Music
Feb 7, 2013
Go to Creator's Profile
Score Distribution
Quiz Creator Spotlight
Sokamima
Follow
Send a Message
Quizzes Created
-
Created Quiz Play Count
-
More By This Creator
Popular Quizzes Today
1
Find the US States - No Outlines Minefield
2
Colored Red Africa Blitz
3
Find the 'City' Movie
4
5x2 Blitz: Bands
5
The Countries of the World
6
Find the Countries of Europe - No Outlines Minefield
7
Find the US States
8
US States
More Music Quizzes
Guess the Hamilton lyrics [35]
Quiz Lab
Trending Quizzes
Colored Red Europe Blitz I
Colored Red Africa Blitz II
Colored Red Europe Blitz II
Colored Red Africa Blitz III
Colored Red Europe Blitz III
Recently Updated
How Do You Spell That?
pecheneg
Godzilla Movies
pecheneg
Grab Bag: 4-10 Letters
pecheneg
2024 March Madness Bracket
pecheneg
Famous TV Couples
Peacemaker
Champions League XIs: Real Madrid
pecheneg
Largest US Cities 1790-2010
pecheneg
Rides in Walt Disney World
pecheneg
Most Oscar Losses (Acting)
pecheneg
Beyoncé Albums
pecheneg
Trending Topics
Kpop
Anime
Marvel
NBA
Harry Potter
Crossword
Disney
NFL
Country
Puzzle
Soccer
The Office
Song
Pokémon
WWE
Your Account Isn't Verified!
In order to create a playlist on Sporcle, you need to verify the email address you used during registration. Go to your
Sporcle Settings
to finish the process.
Report this User
Report this user for behavior that violates our
Community Guidelines
.
Details:
Send Report
Go to the Sporcle.com Mobile Site →
Comments